Aceros: metalurgia física, selección y diseño
Збережено в:
| Автор: | |
|---|---|
| Формат: | Книга |
| Мова: | Іспанська |
| Опубліковано: |
Madrid
Dossat 2000
2004
|
| Редагування: | 1a. ed |
| Предмети: | |
| Теги: |
Додати тег
Немає тегів, Будьте першим, хто поставить тег для цього запису!
|
MARC
| LEADER | 00000cam a2200000 a 4500 | ||
|---|---|---|---|
| 001 | UCI2018 | ||
| 003 | CL-VaPUC | ||
| 008 | 070727e20040300SP |||||||||||||||||spa|d | ||
| 020 | |a 8489656541 | ||
| 082 | 0 | 4 | |a 669.142 |b PER |2 21 |
| 100 | 0 | |a Pero-Sanz Elorz, José Antonio |e author |9 522862 | |
| 245 | 1 | 0 | |a Aceros: metalurgia física, selección y diseño |
| 250 | |a 1a. ed | ||
| 300 | |a 558 p | ||
| 942 | |c BK | ||
| 945 | |d 20070727 00:00:00 |a jtorresc | ||
| 260 | |a Madrid |b Dossat 2000 |c 2004 | ||
| 650 | 0 | |a Acero de construcción |9 265763 | |
| 650 | 0 | |a Estructuras de acero |9 260344 | |
| 650 | 0 | |a Metalurgia |9 263720 | |
| 650 | 7 | |a CONSTRUCCION Y DISEÑO |2 CL-VaPUC |9 522863 | |
| 583 | |a last modification |c 20120531 03:51:49 |k Rodrigo Vera | ||
| 999 | |c 326683 |d 326681 | ||
| 952 | |0 0 |1 0 |4 0 |6 669_142000000000000_PER_2004 |7 0 |8 A |9 408745 |a BIBING |b BIBING |d 2019-11-22 |i 4359712 |l 1 |o 669.142 PER 2004 |p 4359712 |r 2025-01-20 |s 2022-03-17 |w 2019-11-22 |y BK |k CIC | ||
| 952 | |0 0 |1 0 |2 ddc |4 0 |6 669_142000000000000_PER_2004 |7 0 |8 R |9 408746 |a BIBMEC |b BIBMEC |d 2019-11-22 |i 4511646 |o 669.142 PER 2004 |p 4511646 |r 2024-01-19 |w 2019-11-22 |y BK_P |k MEC | ||
| 952 | |0 0 |1 0 |2 ddc |4 0 |6 669_142000000000000_PER_2004 |7 0 |8 R |9 408748 |a BIBMEC |b BIBMEC |d 2019-11-22 |i 4750462 |o 669.142 PER 2004 |p 4750462 |r 2024-01-19 |w 2019-11-22 |y BK_P |k MEC | ||
| 952 | |0 0 |1 0 |2 ddc |4 0 |6 669_142000000000000_PER_2004 |7 0 |8 R |9 408749 |a BIBMEC |b BIBMEC |d 2019-11-22 |i 4750470 |o 669.142 PER 2004 |p 4750470 |r 2024-01-19 |w 2019-11-22 |y BK_P |k MEC | ||
| 952 | |0 0 |1 0 |2 ddc |4 0 |6 669_142000000000000_PER_2004 |7 0 |8 R |9 408750 |a BIBMEC |b BIBMEC |d 2019-11-22 |i 4869605 |l 1 |o 669.142 PER 2004 |p 4869605 |r 2024-01-19 |s 2022-05-23 |w 2019-11-22 |y BK_P |k MEC | ||
| 952 | |0 0 |1 0 |2 ddc |4 0 |6 669_142000000000000_PER_2004 |7 0 |8 R |9 408751 |a BIBMEC |b BIBMEC |d 2019-11-22 |i 4869613 |o 669.142 PER 2004 |p 4869613 |r 2024-01-19 |w 2019-11-22 |y BK_P |k MEC | ||
| 952 | |0 0 |1 0 |2 ddc |4 0 |6 669_142000000000000_PER_2004 |7 0 |8 R |9 408752 |a BIBMEC |b BIBMEC |d 2019-11-22 |i 4869621 |o 669.142 PER 2004 |p 4869621 |r 2024-01-19 |w 2019-11-22 |y BK_P |k MEC | ||
| 952 | |0 0 |1 0 |2 ddc |4 0 |6 669_142000000000000_PER_2004 |7 0 |8 R |9 408753 |a BIBMEC |b BIBMEC |d 2019-11-22 |i 486963K |o 669.142 PER 2004 |p 486963K |r 2024-01-19 |w 2019-11-22 |y BK_P |k MEC | ||